000 00812nam a2200253Ia 4500
003 OSt
005 20240913135310.0
007 ta
008 220927b |||||||| |||| 00| 0 eng d
020 _cINR 425.00
_a9789386882141
024 _a141346
037 _b009, 06/12/2019, Classic Book Service
_cTextual
040 _aSDCL
_cSDCL
_beng
041 _2eng
_aeng
082 _aX65291 Q7;1-6
100 _aAgrawal, Rashmi
_9402963
245 0 _aProject appraisal & management :
260 _aNew Delhi :
_bTaxmann India,
_c2017.
300 _a419p.
_ccm.
650 _aBusiness Economics
_9391653
700 _a Mehra, Yogieta S.
_9417782
942 _hX65291 Q7;1-6
_cTEXL
_2CC
999 _c733777
_d733777